<?xml version="1.0" encoding="UTF-8"?><?xml-stylesheet type="text/xsl" href="static/style.xsl"?><OAI-PMH xmlns="http://www.openarchives.org/OAI/2.0/" xmlns:xsi="http://www.w3.org/2001/XMLSchema-instance" xsi:schemaLocation="http://www.openarchives.org/OAI/2.0/ http://www.openarchives.org/OAI/2.0/OAI-PMH.xsd"><responseDate>2026-06-01T06:01:44Z</responseDate><request verb="GetRecord" identifier="oai:riuma.uma.es:10630/36295" metadataPrefix="marc">https://riuma.uma.es/rest/oai/request</request><GetRecord><record><header><identifier>oai:riuma.uma.es:10630/36295</identifier><datestamp>2026-02-03T11:27:00Z</datestamp><setSpec>com_10630_2254</setSpec><setSpec>col_10630_37953</setSpec></header><metadata><record xmlns="http://www.loc.gov/MARC21/slim" xmlns:dcterms="http://purl.org/dc/terms/" xmlns:doc="http://www.lyncode.com/xoai" xmlns:xsi="http://www.w3.org/2001/XMLSchema-instance" xsi:schemaLocation="http://www.loc.gov/MARC21/slim http://www.loc.gov/standards/marcxml/schema/MARC21slim.xsd">
   <leader>00925njm 22002777a 4500</leader>
   <datafield ind2=" " ind1=" " tag="042">
      <subfield code="a">dc</subfield>
   </datafield>
   <datafield ind2=" " ind1=" " tag="720">
      <subfield code="a">Timonet Andreu, Eva María</subfield>
      <subfield code="e">author</subfield>
   </datafield>
   <datafield ind2=" " ind1=" " tag="720">
      <subfield code="a">Morales-Asencio, José Miguel</subfield>
      <subfield code="e">author</subfield>
   </datafield>
   <datafield ind2=" " ind1=" " tag="720">
      <subfield code="a">Alcalá Gutierrez, Purificación</subfield>
      <subfield code="e">author</subfield>
   </datafield>
   <datafield ind2=" " ind1=" " tag="720">
      <subfield code="a">Cruzado Álvarez, Concepción</subfield>
      <subfield code="e">author</subfield>
   </datafield>
   <datafield ind2=" " ind1=" " tag="720">
      <subfield code="a">López-Moyano, G</subfield>
      <subfield code="e">author</subfield>
   </datafield>
   <datafield ind2=" " ind1=" " tag="720">
      <subfield code="a">Mora-Banderas, Ana María</subfield>
      <subfield code="e">author</subfield>
   </datafield>
   <datafield ind2=" " ind1=" " tag="720">
      <subfield code="a">López-Leiva, María Inmaculada</subfield>
      <subfield code="e">author</subfield>
   </datafield>
   <datafield ind2=" " ind1=" " tag="720">
      <subfield code="a">Canca-Sánchez, José Carlos</subfield>
      <subfield code="e">author</subfield>
   </datafield>
   <datafield ind2=" " ind1=" " tag="260">
      <subfield code="c">2020</subfield>
   </datafield>
   <datafield ind2=" " ind1=" " tag="520">
      <subfield code="a">Background: Heart failure (HF) leads to high hospital admission rates. Disease progression affects the health-related quality of life (HRQoL) of patients and caregivers, but current evidence is largely from cross-sectional studies with limited samples.&#xd;
Objectives: To analyze the relationship between HF patients' hospital service use (as a proxy for disease progression) and the HRQoL of their family caregivers.&#xd;
Methods: This multicenter nested case-control study involved 530 patient-caregiver dyads from hospitals in southern Spain. Hospital admission data for the 5 years prior to inclusion were retrospectively collected. Associations between patient deterioration and caregivers' HRQoL were analyzed using bivariate analyses and multivariate logistic regression.&#xd;
&#xd;
Results: Increased hospital service use by patients was linked to worse caregiver HRQoL, with an overall OR of 1.48 (95% CI: 1.23–1.79). Positive correlations were found between patients' perceived physical health and caregivers' perceived mental health (r = 0.127, p = 0.004), and between the perceived mental health of both (r = 0.291, p &lt; 0.0001).&#xd;
Conclusions: Greater hospital service use by HF patients independently predicts caregiver HRQoL deterioration. The physical and mental HRQoL of patients and caregivers interact, influencing each other. Additional factors, such as caregiving intensity, also contribute to caregiver HRQoL decline.&#xd;
Clinical Relevance: These findings highlight the need to identify family caregivers of HF patients at risk of HRQoL deterioration. Since increased hospital use predicts this decline, clinical nurses, as primary caregivers' supporters and educators, should tailor interventions to mitigate these effects.</subfield>
   </datafield>
   <datafield ind1="8" ind2=" " tag="024">
      <subfield code="a">Timonet-Andreu E, Morales-Asencio JM, Alcalá Gutierrez P, Cruzado Alvarez C, López-Moyano G, Mora Banderas A, López-Leiva I, Canca-Sanchez JC. Health-Related Quality of Life and Use of Hospital Services by Patients with Heart Failure and Their Family Caregivers: A Multicenter Case-Control Study. J Nurs Scholarsh. 2020 Mar;52(2):217-228. doi: 10.1111/jnu.12545. PMID: 32141224.</subfield>
   </datafield>
   <datafield ind1="8" ind2=" " tag="024">
      <subfield code="a">https://hdl.handle.net/10630/36295</subfield>
   </datafield>
   <datafield ind1="8" ind2=" " tag="024">
      <subfield code="a">10.1111/jnu.12545</subfield>
   </datafield>
   <datafield tag="653" ind2=" " ind1=" ">
      <subfield code="a">Insuficiencia cardíaca</subfield>
   </datafield>
   <datafield tag="653" ind2=" " ind1=" ">
      <subfield code="a">Cuidadores - Aspectos psicológicos</subfield>
   </datafield>
   <datafield tag="653" ind2=" " ind1=" ">
      <subfield code="a">Enfermos - Relaciones familiares</subfield>
   </datafield>
   <datafield ind2="0" ind1="0" tag="245">
      <subfield code="a">Health-Related Quality of Life and Use of Hospital Services by Patients with Heart Failure and Their Family Caregivers: A Multicenter Case-Control Study.</subfield>
   </datafield>
</record>
</metadata></record></GetRecord></OAI-PMH>